Placements de l'Italie aux Championnats d'Europe - Statistiques

Statistiques générales
  • Ce quiz a été pris 8 fois
  • Le résultat moyen est 4 sur 11
Statistiques - réponses
Hint Réponse % Correct
2024 Huitième de finale
100%
2020 Vainqueur
100%
1968 Vainqueur
43%
1988 Demi-finale
29%
2000 Deuxième place
29%
2012 Deuxième place
29%
2004 Phase de groupe
29%
2016 Quarts de finale
14%
1980 Quatrième place
14%
1996 Phase de groupe
0%
2008 Quart de finale
0%
Aucun quiz correspondant
Distribution des résultats
% des personnes avec chaque résultat
Percentile par nombre de réponses
Votre historique - résultats
Vous n’avez pas pris ce quiz